धूप एक चादर / (Record no. 115265)

MARC details
000 -LEADER
fixed length control field 01077nam a22002657a 4500
005 - DATE AND TIME OF LATEST TRANSACTION
control field 20170124103021.0
010 ## - LIBRARY OF CONGRESS CONTROL NUMBER
LC control number A-649259
020 ## - INTERNATIONAL STANDARD BOOK NUMBER
Terms of availability 65.00
International Standard Book Number 8185478279
035 ## - SYSTEM CONTROL NUMBER
System control number A-649259
037 ## - SOURCE OF ACQUISITION
Source of stock number/acquisition Cen Lib/Ret
040 ## - CATALOGING SOURCE
Original cataloging agency DPL
Language of cataloging HN
082 ## - DEWEY DECIMAL CLASSIFICATION NUMBER
Classification number
Item number चावला
100 ## - MAIN ENTRY--PERSONAL NAME
Personal name चावला, हरचरण
9 (RLIN) 60642
245 ## - TITLE STATEMENT
Title धूप एक चादर /
Statement of responsibility, etc हरचरण चावला ; अनुवादक खुर्शीद आलम
246 ## - VARYING FORM OF TITLE
Title proper/short title Dhoop ek chadar /
Remainder of title by Harcharan Chawla ; anuvadak Khursheed Alam
260 ## - PUBLICATION, DISTRIBUTION, ETC. (IMPRINT)
Place of publication, distribution, etc दिल्ली
Name of publisher, distributor, etc ज्ञान भारती
Date of publication, distribution, etc 1993
270 ## - ADDRESS
Address 4/14, रूपनगर
City दिल्ली
Postal code 110007
300 ## - PHYSICAL DESCRIPTION
Extent 155पृ.
Dimensions 17सेमी (सजिल्द)
650 ## - SUBJECT ADDED ENTRY--TOPICAL TERM
Topical term or geographic name as entry element हिन्दी -- साहित्य
9 (RLIN) 60643
650 ## - SUBJECT ADDED ENTRY--TOPICAL TERM
Topical term or geographic name as entry element हिन्दी -- उपन्यास
9 (RLIN) 60644
650 ## - SUBJECT ADDED ENTRY--TOPICAL TERM
Topical term or geographic name as entry element Hindi -- Literature
9 (RLIN) 60645
650 ## - SUBJECT ADDED ENTRY--TOPICAL TERM
Topical term or geographic name as entry element Hindi -- Fiction
9 (RLIN) 27248
700 ## - ADDED ENTRY--PERSONAL NAME
Personal name आलम, खुर्शीद
9 (RLIN) 43761
942 ## - ADDED ENTRY ELEMENTS (KOHA)
Source of classification or shelving scheme Dewey Decimal Classification
Koha item type Hindi Books
Classification part
Call number suffix चावला
Holdings
Withdrawn status Lost status Damaged status Not for loan Home library Current library Date acquired Source of acquisition Cost, normal purchase price Total Checkouts Full call number Barcode Date last seen Copy number Cost, replacement price Price effective from Koha item type Public note
Written off       Central Library Central Library 19/08/2015 Cen Lib/Ret 65.00   उ चावला A-649259 19/08/2015 1 65.00 19/08/2015 Hindi Books Written off on approval by DLB (By Circulation); dtd 20.12.2022

© Delhi Public Library
Hit Counter
free hit counter